<?xml version="1.0" encoding="UTF-8"?>
<record
    xmlns:xsi="http://www.w3.org/2001/XMLSchema-instance"
    xsi:schemaLocation="http://www.loc.gov/MARC21/slim http://www.loc.gov/standards/marcxml/schema/MARC21slim.xsd"
    xmlns="http://www.loc.gov/MARC21/slim">

  <leader>00512nam a22001817a 4500</leader>
  <controlfield tag="003">NUST - PNEC</controlfield>
  <controlfield tag="005">20170116180851.0</controlfield>
  <controlfield tag="008">150825b        xxu||||| |||| 00| 0 eng d</controlfield>
  <datafield tag="020" ind1=" " ind2=" ">
    <subfield code="a">094714546X (Set of five volumes)</subfield>
  </datafield>
  <datafield tag="020" ind1=" " ind2=" ">
    <subfield code="a">0947145486</subfield>
  </datafield>
  <datafield tag="040" ind1=" " ind2=" ">
    <subfield code="c">LIBRARY</subfield>
  </datafield>
  <datafield tag="082" ind1=" " ind2=" ">
    <subfield code="a">610 KNI</subfield>
  </datafield>
  <datafield tag="100" ind1=" " ind2=" ">
    <subfield code="9">5705</subfield>
    <subfield code="a">Knight, John F.</subfield>
  </datafield>
  <datafield tag="245" ind1=" " ind2=" ">
    <subfield code="a">Family medical care Volume 2</subfield>
    <subfield code="c">Dr. John F. Knight</subfield>
  </datafield>
  <datafield tag="260" ind1=" " ind2=" ">
    <subfield code="a">Austrlia:</subfield>
    <subfield code="b">Signs Publshing Co.,</subfield>
    <subfield code="c">c1986.</subfield>
  </datafield>
  <datafield tag="648" ind1=" " ind2=" ">
    <subfield code="9">5706</subfield>
    <subfield code="a">Family medical</subfield>
    <subfield code="x">General</subfield>
  </datafield>
  <datafield tag="942" ind1=" " ind2=" ">
    <subfield code="2">ddc</subfield>
    <subfield code="c">BK</subfield>
  </datafield>
  <datafield tag="999" ind1=" " ind2=" ">
    <subfield code="c">64616</subfield>
    <subfield code="d">64616</subfield>
  </datafield>
  <datafield tag="952" ind1=" " ind2=" ">
    <subfield code="0">0</subfield>
    <subfield code="1">0</subfield>
    <subfield code="2">ddc</subfield>
    <subfield code="4">0</subfield>
    <subfield code="7">0</subfield>
    <subfield code="a">PNEC</subfield>
    <subfield code="b">PNEC</subfield>
    <subfield code="c">WING-A</subfield>
    <subfield code="d">0000-00-00</subfield>
    <subfield code="l">0</subfield>
    <subfield code="o">610 KNI</subfield>
    <subfield code="p">PNECLIB-010947</subfield>
    <subfield code="r">2015-08-25</subfield>
    <subfield code="w">0000-00-00</subfield>
    <subfield code="y">BK</subfield>
  </datafield>
</record>
